[Event "Mogliano Veneto op-B 43th"]
[Site "Mogliano Veneto"]
[Date "2023.04.25"]
[Round "4"]
[White "Scandiuzzi, Roberto"]
[Black "Morganti, Lionello"]
[Result "0-1"]
[WhiteElo "1203"]
[BlackElo "1508"]
[PlyCount "44"]
[EventDate "2023.04.23"]
[EventType "swiss"]
[EventRounds "5"]
[EventCountry "ITA"]
[SourceTitle "EXT 2024"]
[Source "ChessBase"]
[SourceDate "2023.10.10"]
[SourceVersion "1"]
[SourceVersionDate "2023.10.10"]
[SourceQuality "1"]

1. d4 Nf6 2. c4 g6 3. Nc3 Bg7 4. Nf3 d6 5. e4 0-0 6. h3 c6 7. Be2 Qc7 8. 0-0 e5 9. Qc2 Nbd7 10. Rd1 a6 11. Be3 b5 12. b4 Bb7 13. a3 Rfc8 14. Rdc1 bxc4 15. Bxc4 exd4 16. Bxd4 Ne5 17. Nxe5 dxe5 18. Be3 Bf8 19. Qb3 c5 20. f3 cxb4 21. axb4 Qxc4 22. Qxc4 Rxc4 0-1

[Event "Treviso op-C 4th"]
[Site "Treviso"]
[Date "2023.04.01"]
[Round "3"]
[White "Scandiuzzi, Roberto"]
[Black "Lettera, Fabio"]
[Result "1/2-1/2"]
[WhiteElo "1203"]
[BlackElo "1094"]
[PlyCount "41"]
[EventDate "2023.03.31"]
[EventType "swiss"]
[EventRounds "5"]
[EventCountry "ITA"]
[SourceTitle "EXT 2024"]
[Source "ChessBase"]
[SourceDate "2023.10.10"]
[SourceVersion "1"]
[SourceVersionDate "2023.10.10"]
[SourceQuality "1"]

1. d4 d5 2. c4 c6 3. Nf3 Nf6 4. cxd5 cxd5 5. e3 e6 6. Bb5+ Bd7 7. Bxd7+ Nbxd7 8. 0-0 Be7 9. Nc3 0-0 10. a3 a6 11. Re1 Rc8 12. e4 dxe4 13. Nxe4 Nxe4 14. Rxe4 Nf6 15. Re1 Qc7 16. Be3 Qd7 17. Qb3 Qd5 18. Qxd5 Nxd5 19. Rac1 Rfd8 20. Rxc8 Rxc8 21. Rc1 1/2-1/2

[Event "Noale Szabados Memorial-B 3rd"]
[Site "Noale"]
[Date "2010.02.05"]
[Round "1"]
[White "Tonolo, Maurizio"]
[Black "Scandiuzzi, Roberto"]
[Result "1-0"]
[WhiteElo "1756"]
[BlackElo "1338"]
[PlyCount "61"]
[EventDate "2010.02.05"]
[EventType "swiss"]
[EventRounds "5"]
[EventCountry "ITA"]
[SourceTitle "EXT 2022"]
[Source "ChessBase"]
[SourceDate "2021.10.06"]
[SourceVersion "1"]
[SourceVersionDate "2021.10.06"]
[SourceQuality "1"]

1. d4 d5 2. Nf3 Nf6 3. e3 e6 4. Bd3 Be7 5. 0-0 0-0 6. Nbd2 Nbd7 7. c3 c5 8. Re1 c4 9. Bc2 b6 10. e4 Bb7 11. e5 Ne8 12. Nf1 f5 13. exf6 Ndxf6 14. Ng5 Nc7 15. Nxe6 Nxe6 16. Rxe6 Bc8 17. Re2 Bg4 18. f3 Bd7 19. Bf4 Nh5 20. Be5 Nf4 21. Bxf4 Rxf4 22. Re5 Bc6 23. g3 Rf7 24. f4 g6 25. Qe2 Qc7 26. Re1 Re8 27. Nd2 Kg7 28. Nf3 h6 29. Re6 Rf6 30. Rxe7+ Rxe7 31. Qxe7+ 1-0

[Event "Chioggia op-B 03rd"]
[Site "Chioggia"]
[Date "2008.10.10"]
[Round "1"]
[White "Cruccu, Alberto"]
[Black "Scandiuzzi, Roberto"]
[Result "1-0"]
[WhiteElo "1530"]
[BlackElo "1356"]
[PlyCount "57"]
[EventDate "2008.10.10"]
[EventType "swiss"]
[EventRounds "5"]
[EventCountry "ITA"]
[SourceTitle "EXT 2022"]
[Source "ChessBase"]
[SourceDate "2021.10.06"]
[SourceVersion "1"]
[SourceVersionDate "2021.10.06"]
[SourceQuality "1"]

1. e4 e6 2. d4 d5 3. e5 c5 4. Nf3 Qb6 5. c3 Bd7 6. a4 cxd4 7. a5 Qd8 8. cxd4 Nc6 9. Bd2 a6 10. Qb3 Rb8 11. Bd3 f6 12. 0-0 fxe5 13. dxe5 Nge7 14. Qc2 Rc8 15. Qd1 Nf5 16. Re1 Bb4 17. Bxf5 Bxd2 18. Qxd2 exf5 19. e6 0-0 20. exd7 Qxd7 21. Nc3 Qc7 22. Qxd5+ Kh8 23. Ng5 Nb4 24. Qb3 Qc4 25. Qxc4 Rxc4 26. Re2 h6 27. Nf3 Nc6 28. Rae1 Nxa5 29. Ne5 1-0

[Event "Alta Padovana op-B 5th"]
[Site "Loreggia"]
[Date "2005.02.27"]
[Round "5"]
[White "Menin, Massimo"]
[Black "Scandiuzzi, Roberto"]
[Result "1-0"]
[WhiteElo "1538"]
[BlackElo "1560"]
[PlyCount "63"]
[EventDate "2005.02.25"]
[EventType "swiss"]
[EventRounds "5"]
[EventCountry "ITA"]
[SourceTitle "EXT 2024"]
[Source "ChessBase"]
[SourceDate "2023.10.10"]
[SourceVersion "1"]
[SourceVersionDate "2023.10.10"]
[SourceQuality "1"]

1. e4 e6 2. d4 d5 3. exd5 exd5 4. Nf3 Bg4 5. Be2 Nf6 6. 0-0 Bd6 7. Bg5 0-0 8. Re1 Nbd7 9. h3 Bh5 10. Nc3 c6 11. a3 Qc7 12. b4 h6 13. Bxf6 Nxf6 14. Nh4 Bg6 15. Nxg6 fxg6 16. Bd3 g5 17. Bg6 g4 18. hxg4 Qd7 19. Bf5 Qc7 20. Re3 Bf4 21. Rh3 Bg5 22. Ne2 Rae8 23. Qd3 Qd6 24. c4 dxc4 25. Qxc4+ Nd5 26. Qd3 Rxf5 27. gxf5 Nf4 28. Nxf4 Qxf4 29. Qb3+ Kh8 30. Rf3 Qxd4 31. Rd1 Bd2 32. Rd3 1-0